FUNDAMENTAL OF GEOLOGY (Record no. 8169)

MARC details
000 -LEADER
fixed length control field 00378nam a22001577a 4500
005 - DATE AND TIME OF LATEST TRANSACTION
control field 20230111100642.0
008 - FIXED-LENGTH DATA ELEMENTS--GENERAL INFORMATION
fixed length control field 221220b |||||||| |||| 00| 0 eng d
041 ## - LANGUAGE CODE
Language code of text/sound track or separate title eng
082 ## - DEWEY DECIMAL CLASSIFICATION NUMBER
Classification number 624.151 RAH-F
100 ## - MAIN ENTRY--AUTHOR NAME
Personal name RAHAMAN , S K
245 ## - TITLE STATEMENT
Title FUNDAMENTAL OF GEOLOGY
260 ## - PUBLICATION, DISTRIBUTION, ETC. (IMPRINT)
Place of publication HYDERABAD
Name of publisher PLANET BOOK HOUSE
300 ## - PHYSICAL DESCRIPTION
Number of Pages 6.41;P.
650 ## - SUBJECT ADDED ENTRY--TOPICAL TERM
Topical Term MINING
942 ## - ADDED ENTRY ELEMENTS (KOHA)
Koha item type Books
Holdings
Lost status Damaged status Collection code Home library Current library Shelving location Date acquired Source of acquisition Cost, normal purchase price Full call number Accession Number Koha item type
    Reference JRU Library   SHELF-88-C 09/11/2022 LOHIA BOOK INTERNATIONAL 100.00 624.151-RAH-F 27223 Books
    MINING JRU Library JRU Library SHELF-88-C 09/11/2022 LOHIA BOOK INTERNATIONAL 100.00 624.151-RAH-F 27224 Books
    MINING JRU Library JRU Library SHELF-88-C 09/11/2022 LOHIA BOOK INTERNATIONAL 100.00 624.151-RAH-F 27225 Books
    MINING JRU Library JRU Library SHELF-88-C 09/11/2022 LOHIA BOOK INTERNATIONAL 100.00 624.151-RAH-F 27226 Books
    MINING JRU Library JRU Library SHELF-88-C 09/11/2022 LOHIA BOOK INTERNATIONAL 100.00 624.151-RAH-F 27227 Books